| 000 | 00441nam a22001697a 4500 | ||
|---|---|---|---|
| 003 | NUST - PNEC | ||
| 005 | 20170116181119.0 | ||
| 008 | 151004b xxu||||| |||| 00| 0 eng d | ||
| 020 | _a0876924496 | ||
| 040 | _cLIBRARY | ||
| 082 | _a671.53 VEN | ||
| 100 |
_913414 _aVenkatesh, V. C. |
||
| 245 |
_aExperimental techniques in metal cutting _cV. C. Venkatesh |
||
| 260 | _cc1987 | ||
| 650 |
_913415 _aMetal-cutting _xME |
||
| 942 |
_2ddc _cBK |
||
| 999 |
_c69502 _d69502 |
||